000 00299nam a2200133Ia 4500
003 LK-CoDNM
008 010623t xxu||||| |||| 00| 1 eng d
040 _aLK-CoDNM
_dLK-CoDNM
_eLK-CoDNM
041 _aeng
080 _a327(52)
245 _aDefense Of Japan
300 _b166p.;24 cm cm
942 _cBK
999 _c134156
_d134156